Why am I always ……? (Google auto fill) - Statistics

General Stats
  • This quiz has been taken 57 times
  • The average score is 4 of 15
Answer Stats
Hint Answer % Correct
Why am I always Tired
92%
Why am I always Hungry
63%
Why am I always Sick
52%
Why am I always Thirsty
42%
Why am I always Cold
40%
Why am I always Hot
38%
Why am I always Crying
31%
Why am I always Anxious
27%
Why am I always Full
17%
Why am I always Itchy
17%
Why am I always Peeing
8%
Why am I always Coughing
6%
Why am I always Aching
4%
Why am I always Broke
4%
Why am I always emotional
4%
No matching quizzes found
Score Distribution
Percent of People with Each Score
Percentile by Number Answered
Your Score History
You have not taken this quiz